Career in law / (Record no. 141525)

MARC details
000 -LEADER
fixed length control field 00585nam a22001937a 4500
005 - DATE AND TIME OF LATEST TRANSACTION
control field 20170620155331.0
010 ## - LCCN (DPL NO)
LC control number ENG-118812
020 ## - INTERNATIONAL STANDARD BOOK NUMBER
International Standard Book Number 9789351437389
Terms of availability 175.00
035 ## - SYSTEM CONTROL NUMBER
System control number EN-102344
037 ## - SOURCE OF ACQUISITION
Source of stock number/acquisition DBAD/PUB
082 ## - DEWEY DECIMAL CLASSIFICATION NUMBER
Classification number 320
100 ## - MAIN ENTRY--PERSONAL NAME
Personal name Arora, Manish
245 ## - TITLE STATEMENT
Title Career in law /
Statement of responsibility, etc by Manish Arora
250 ## - EDITION STATEMENT
Edition statement Seventh Edition
260 ## - PUBLICATION, DISTRIBUTION, ETC. (IMPRINT)
Place of publication, distribution, etc Gurgoan
Name of publisher, distributor, etc Universal Law Publishing
Date of publication, distribution, etc 2016
270 ## - ADDRESS
Address 14th Floor, Building No. 10, Tower-B, DLF Cyber city, Phase-II
City Gurgoan
Postal code 122002
300 ## - PHYSICAL DESCRIPTION
Extent xvi,228p.:
Dimensions 21cm(pbk)
Other physical details ill
942 ## - ADDED ENTRY ELEMENTS (KOHA)
Source of classification or shelving scheme Dewey Decimal Classification
Item type English Books
Classification part 320
Call number suffix ARO
Holdings
Withdrawn status Lost status Not for loan Collection code Home library Current library Date acquired Source of acquisition Cost, normal purchase price Full call number Barcode Copy number Cost, replacement price Koha item type
      Non-fiction Shahdara Branch Shahdara Branch 20/06/2017 DBAD/PUB 175.00 320 ARO EN-102344 1 175.00 English Books

© Delhi Public Library
Hit Counter
free hit counter